000 00396nam a22001337a 4500
999 _c514566
_d514566
008 201113b ||||| |||| 00| 0 eng d
100 _aReisch, L.A. and Doebbe, F.C.
_921129
245 _aEconomics and social science "2/2020"
260 _aJournal of Consumer Policy
300 _a43(2), Jun, 2020: p.423-432
773 _aJournal of Consumer Policy
906 _aECONOMICS
942 _cAR